The rise and fall of structural marxism : althusser and his influence
Αποθηκεύτηκε σε:
| Κύριος συγγραφέας: | |
|---|---|
| Μορφή: | Βιβλίο |
| Γλώσσα: | English |
| Δημοσίευση: |
London :
MacMillan,
1984
|
| Θέματα: | |
| Ετικέτες: |
Προσθήκη ετικέτας
Δεν υπάρχουν, Καταχωρήστε ετικέτα πρώτοι!
|
MARC
| LEADER | 00000nam a2200000 i 4500 | ||
|---|---|---|---|
| 001 | 1/28402 | ||
| 008 | 960404s1984 eng d | ||
| 020 | |a 0333312813 | ||
| 035 | |l 10023032 | ||
| 040 | |a GR-MY-UA |b gre |e aacr | ||
| 041 | 0 | |a eng | |
| 082 | 0 | |a 335.40924 | |
| 100 | 1 | |a Benton, Ted. | |
| 245 | 1 | 4 | |a The rise and fall of structural marxism : althusser and his influence |
| 260 | |a London : |b MacMillan, |c 1984 | ||
| 300 | |a 259 p. | ||
| 600 | 1 | 0 | |a Althusser Louis. |
| 650 | 0 | 0 | |a Communism. |
| 852 | |a INST |b CHIOS |e 19960404 |h 335.40924 BEN |p 005200005369 |q 005200005369 |t BK |y 0 | ||
| 909 | |a Χ |b 001490 | ||